MARC

LEADER 00000nab a2200000 4500
001 vtls012236183
003 SK-MaSNL
005 20260505075655.0
008 240402c2019 xo zr|p || ||00 c0ukr
015 |a SNBRB2023/08 
038 |a SVKPOCL 
040 |a SVKPOCL  |b slo  |c SVKPOCL  |e rda 
041 0 |a ukr 
043 |a e-un---  |a n-cn---  |a e-xr---  |a n-us-mn 
044 |a xo  |c SK 
072 7 |a 821.161.09  |x Východoslovanské literatúry (o nich)  |2 konspekt 
072 7 |a 75  |x Maliarstvo  |2 konspekt 
080 |a 75/76.071.1  |2 2011 
080 |a 7.07  |2 2011 
080 |a 73-055.2  |2 2011 
080 |a 82.09:821.161.2  |2 2011 
080 |a 75.071.1  |2 2011 
080 |a ( 477)  |2 2011 
080 |a (73)  |2 2011 
080 |a (430)  |2 2011 
080 |a (71)  |2 2011 
080 |a (737.6)  |2 2011 
245 0 0 |a Oksana Ljaturyns'ka 
300 |b Fotografie 
336 |a text  |b txt  |2 rdacontent 
337 |a bez média  |b n  |2 rdamedia 
338 |a zväzok  |b nc  |2 rdacarrier 
500 |a Znajomtes': z pys'mennykom 
600 1 7 |a Ljaturyns'ka, Oksana Zynajida Mychajlivna,  |d 1902-1970  |2 svkpocl  |9 1109303 
630 0 7 |a Veselka (časopis)  |2 snkbucl  |9 1253047 
630 0 7 |a «Knjaža emal'»  |g (básnická zbierka)  |f (1941)  |2 svkpocl  |9 1632578 
630 0 7 |a «Bedryk»  |g (básnická zbierka)  |2 svkpocl  |9 1632580 
630 0 7 |a «Veselka»  |g (básnická zbierka)  |2 svkpocl  |9 1632581 
648 7 |a 1938  |2 svkpocl  |9 310540 
648 7 |a 1941  |2 svkpocl  |9 286146 
648 7 |a 13.6.1970  |2 svkpocl  |9 1632583 
648 7 |a 1.2.1902-13.6.1970  |2 svkpocl  |9 1632736 
650 0 7 |a ukrajinské poetky  |2 SNKPH  |9 152067 
650 0 7 |a osobnosti  |2 SNKPH  |9 29820 
650 0 7 |a ukrajinské spisovateľky  |2 SNKPH  |9 72842 
650 0 7 |a ukrajinské sochárky  |2 SNKPH  |9 1632584 
650 0 7 |a ukrajinské maliarky  |2 svkpocl  |9 1507301 
650 0 7 |a literárna tvorba  |2 SNKPH  |9 4226 
650 0 7 |a literárna história  |2 SNKPH  |9 1136 
651 7 |a Ukrajina  |2 SNKPHgeo  |9 168045 
651 7 |a Spojené štáty americké  |2 snkbucl  |9 18262 
651 7 |a Ostroh (Ukrajina)  |2 svkpocl  |9 1397404 
651 7 |a Chomy (Ukrajina)  |2 svkpocl  |9 1632737 
651 7 |a Kremenec' (Ukrajina)  |2 svkpocl  |9 1340954 
651 7 |a Praha (Česko)  |2 SNKPHgeo  |9 19313 
651 7 |a Česko  |2 SNKPHgeo  |9 16753 
651 7 |a Minneapolis (Minn.)  |2 SNKPHgeo  |9 114075 
773 0 |t Veselka  |g Roč. 67, č. 9 (2018/2019), s. 9 
852 |a SVKPO  |b KIS3GCP 
958 |a UA 
958 |a SS 
958 |a CA 
958 |a US 
958 |a LX 
958 |a BC 
958 |a NM 
958 |a DE 
999 |c 3365049  |d 3366979